| Tag |
First Indicator |
Second Indicator |
Subfields |
| LEADER |
00000cam a2200000 a 4500 |
| 001 |
in00004635186 |
| 006 |
m o d |
| 007 |
cr ||||||||||| |
| 008 |
180205s2004 bl ob 001 0 por d |
| 005 |
20230103223417.2 |
| 035 |
|
|
|a (OCoLC)on1021215757
|
| 040 |
|
|
|a YDX
|b eng
|e pn
|c YDX
|d JSTOR
|d IYU
|d OCLCO
|d OCLCF
|d OCLCA
|d OCLCQ
|d VT2
|d K6U
|d OCLCO
|d OCLCQ
|d OCLCO
|d OCL
|
| 020 |
|
|
|a 8575415379
|q (electronic bk.)
|
| 020 |
|
|
|a 9788575415375
|q (electronic bk.)
|
| 020 |
|
|
|z 9788585676209
|q (print)
|
| 035 |
|
|
|a (OCoLC)1021215757
|
| 037 |
|
|
|a 22573/ctt1zzc0dm
|b JSTOR
|
| 043 |
|
|
|a s-bl---
|
| 050 |
|
4 |
|a RA395.B6
|b G47 2004eb
|
| 060 |
|
4 |
|a 2005 E-643
|
| 060 |
|
4 |
|a WA 540 DB8
|
| 082 |
0 |
4 |
|a 362.1/04250981
|2 23
|
| 049 |
|
|
|a TXAM
|
| 100 |
1 |
|
|a Gerschman, Silvia Victoria.
|
| 245 |
1 |
2 |
|a A democracia inconclusa :
|b um estudo da reforma sanitária brasileira /
|c Silvia Gerschman.
|
| 250 |
|
|
|a 2a. ed.
|
| 260 |
|
|
|a Rio de Janeiro, RJ :
|b Editora Fiocruz,
|c 2004.
|
| 300 |
|
|
|a 1 online resource (270 pages)
|
| 336 |
|
|
|a text
|b txt
|2 rdacontent
|
| 337 |
|
|
|a computer
|b c
|2 rdamedia
|
| 338 |
|
|
|a online resource
|b cr
|2 rdacarrier
|
| 504 |
|
|
|a Includes bibliographical references (pages 265-270).
|
| 520 |
8 |
|
|a Annotation
|b Trata do papel dos movimentos sociais em saúde no processo de reformulação da política de saúde, plasmado na Constituição de 1988 e denominado de Reforma Sanitária brasileira. Os percalços da sua implementação são analisados no contexto do processo de democratização do País ocorrido nos últimos 10 anos. A autora contribui para a interpretação da problemática da saúde no Brasil contemporâneo, sem a qual não se pode falar em democracia e cidadania. Através da leitura deste trabalho, os cientistas políticos e os profissionais de saúde poderão refletir acerca do lugar que ocupam no sistema e nos serviços de saúde, bem como das articulações de suas representações com a política de saúde.
|
| 650 |
|
0 |
|a Health care reform
|z Brazil.
|
| 650 |
|
0 |
|a Medical policy
|z Brazil.
|
| 650 |
|
0 |
|a Social medicine
|z Brazil.
|
| 650 |
|
0 |
|a Health care reform.
|
| 650 |
|
0 |
|a Medical policy.
|
| 650 |
|
0 |
|a Politics, Practical.
|
| 650 |
1 |
2 |
|a Health Care Reform
|
| 650 |
2 |
2 |
|a Health Policy
|
| 650 |
2 |
2 |
|a Politics
|
| 651 |
|
2 |
|a Brazil
|
| 650 |
|
6 |
|a Services de santé
|x Réforme
|z Brésil.
|
| 650 |
|
6 |
|a Politique sanitaire
|z Brésil.
|
| 650 |
|
6 |
|a Services de santé
|x Réforme.
|
| 650 |
|
6 |
|a Politique sanitaire.
|
| 650 |
|
6 |
|a Politique.
|
| 650 |
|
7 |
|a politics.
|2 aat
|
| 650 |
|
7 |
|a Politics, Practical.
|2 fast
|0 (OCoLC)fst01069977
|
| 650 |
|
7 |
|a Health care reform.
|2 fast
|0 (OCoLC)fst00952850
|
| 650 |
|
7 |
|a Medical policy.
|2 fast
|0 (OCoLC)fst01014505
|
| 650 |
|
7 |
|a Social medicine.
|2 fast
|0 (OCoLC)fst01122637
|
| 651 |
|
7 |
|a Brazil.
|2 fast
|0 (OCoLC)fst01206830
|
| 655 |
|
7 |
|a Electronic books.
|2 local
|
| 710 |
2 |
|
|a JSTOR (Organization)
|
| 856 |
4 |
0 |
|u https://www.jstor.org/stable/10.747/9788575415375
|z Connect to the full text of this electronic book
|t 0
|
| 955 |
|
|
|a JSTOR Open Access ebooks
|
| 994 |
|
|
|a 92
|b TXA
|
| 999 |
f |
f |
|s 31c0b0a3-ddb8-41ba-8c79-48ff35e4311b
|i 9dd78049-cebc-4458-b2a7-57101264643f
|t 0
|
| 952 |
f |
f |
|a Texas A&M University
|b College Station
|c Electronic Resources
|d Available Online
|t 0
|e RA395.B6 G47 2004eb
|h Library of Congress classification
|
| 998 |
f |
f |
|a RA395.B6 G47 2004eb
|t 0
|l Available Online
|